| 000 | 00568nmm a2200169Ia 4500 | ||
|---|---|---|---|
| 008 | 251105s9999||||xx |||||||||||||||||und|| | ||
| 020 | _a9788437074238 | ||
| 041 | _aeng | ||
| 100 | _aGallego Durán, Mar | ||
| 245 | 4 | _aThe Dialectics of Diaspora: Memory, Location and Gender | |
| 264 |
_a[Madrid, España] : _bPublicaciones de la Universidad de Valencia (PUV), _c2009 |
||
| 300 | _a150 páginas | ||
| 490 | _aBiblioteca Javier Coy d'estudis nord-americans | ||
| 650 | _aLiterary History | ||
| 856 | _uhttps://public.digitaliapublishing.com/a/35070 | ||
| 942 | _cCF | ||
| 999 |
_c82468 _d82468 |
||